| LEADER | 00678cam a2200229 7i4500 | ||
|---|---|---|---|
| 001 | 0000036362 | ||
| 005 | 20220109090000.0 | ||
| 008 | 081127s2002 -us 0 eng | ||
| 020 | # | # | |a 0155056050 |
| 040 | # | # | |a UMT |
| 090 | 0 | 0 | |a BC 71 |b .S3 2002 |
| 100 | 1 | # | |a Salmon, Merrilee H |e author |
| 245 | 1 | 0 | |a Introduction to logic and critical thinking |c Merrilee Salmon. |
| 250 | # | # | |a Fourth edition. |
| 264 | # | 1 | |a Australia: |b Wadsworth, |c 2002. |
| 300 | # | # | |a xv, 495 p.: |b ill.; |c 25 cm.. |
| 336 | # | # | |a text |2 rdacontent |
| 337 | # | # | |a unmediated |2 rdamedia |
| 338 | # | # | |a volume |2 rdacarrier |
| 650 | 0 | 0 | |a Logic |
| 650 | 0 | 0 | |a Reasoning |
| 999 | |a 1100020484 |b Book |c Open Shelf |e KOLEKSI TERBUKA | ||


